00855nam a2200205 a 450000100100000000500170001000800410002704000250006808200160009311000720010924501500018126000370033130000240036849000280039270000310042070000310045183000350048295201150051799900170063200002966720200930055721.0110415s2001 dr 000 0 spa d aDO-SdBNPbspacBNPHU axxxbC3978a2 aCentro Nacional de Investigaciones en Salud Materno Infantil95575710aCertificación y recertificación :buna propuesta para el sistema de salud de la República Dominicana /ceditor Eddy Pérez, Mauro Cenario. aSanto Domingo :bCENISMI,c2001. avi, 23 p. ;c28 cm.1 aReuniones Técnicasv11 aPérez, Eddy,eed.9563331 aCenario, Mauroeed.956468 0aReuniones Técnicasv1956332 00107-18PDaPDbPDcOId2011-04-19iLF1l0oxxx C3978ap29667-10r2020-06-25w2020-06-25yLFPDZNo se presta c29159d29159